Contos tradicionais infantis (Registo nº 2092)
[ vista simples ]
| 000 -Etiqueta do registo | |
|---|---|
| Cabeçalho | 01267nam a22002891 4500 |
| 005 - Identificador da versão | |
| Campo de controlo | 20240813121924.0 |
| 095 ## - | |
| -- | PTBN00053279 |
| 010 ## - Número internacional normalizado dos livros (ISBN) | |
| Número (ISBN) | 9722513109 |
| 021 ## - Número do Depósito Legal | |
| Código do país | PT |
| Número | 199121/03 |
| 100 ## - Dados gerais de processamento | |
| Dados gerais de processamento | 20031119d2003 cd y0pory5003 ba |
| 102 ## - Pais de publicação ou produção | |
| País de publicação | Portugal |
| 101 1# - Língua de publicação | |
| Língua do texto, banda sonora, etc. | Português |
| Língua do documento no original | Inglês |
| 106 ## - Campo de dados codificados: material textual | |
| Dados codificados do material textual | r |
| 105 ## - Campo de dados codificados: livros | |
| Dados codificados dos livros | a z 001fy |
| 215 ## - Descrição física | |
| Indicação específica da natureza do documento e extensão da espécie | 284 p. |
| Outras indicações físicas | muito il. |
| Dimensões | 23 cm |
| 200 1# - Titulo e menção de responsabilidade | |
| Título próprio | Contos tradicionais infantis |
| Primeira menção de responsabilidade | Bertrand Editora |
| Outras menções de responsabilidade | rev. André Cardoso |
| 210 ## - Publicação, Distribuição, etc. | |
| Lugar da edição, distribuição, etc. | Lisboa |
| Nome do editor, distribuidor, etc. | Bertrand |
| Data da publicação, distribuição, etc. | D.L. 2003 |
| 327 1# - Nota de conteúdo | |
| Texto da nota | Os duendes e o sapateiro, p. 9 |
| -- | A Bela adormecida, p. 25 |
| -- | O Gato das botas, p. 41 |
| -- | A Polegarzinha, p. 57 |
| -- | Pinóquio, p. 73 |
| -- | Rapunzel, p. 89 |
| -- | O Soldadinho de chumbo, p. 105 |
| -- | Caracóis dourados e os três ursos, p. 125 |
| -- | Branca de Neve e os sete anões, p. 141 |
| -- | O Patinho feio, p. 159 |
| -- | A Gata borralheira, p. 175 |
| -- | A Bela e o Monstro, p. 191 |
| -- | Hansel e Gretel, p. 209 |
| -- | O Pequeno polegar, p. 225 |
| -- | O Flautista de Hamelin, p. 241 |
| -- | A Pequena sereia, p. 259 |
| -- | O Capuchinho vermelho, p. 275 |
| 606 ## - Nome comum usado como assunto | |
| Número de registo de entrada de autoridade | 0000001 |
| Palavra de ordem | Literatura estrangeira infantil |
| Subdivisão de assunto | Conto |
| 675 ## - Classificação Decimal Universal (CDU) | |
| Notação | 82-34 |
| Edição | 2ª |
| Língua da edição | por |
| 702 #1 - Nome de autor-pessoa física (responsabilidade secundária) | |
| Número de registo de entrada de autoridade | 0000838 |
| Palavra de ordem | Cardoso |
| Outra parte do nome não tomada para palavra de ordem | André |
| Código de função | Autor de recensão / Crítico |
| 710 02 - Nome de colectividade-autor (responsabilidade principal) | |
| Número de registo de entrada de autoridade | 0000839 |
| Palavra de ordem | Bertrand Editora |
| 942 ## - Elementos de entrada adicionados (Koha) | |
| Tipo de item no Koha | Livro |
| Situação do levantamento | Origin of item (home branch) (coded) | Biblioteca de empréstimo | Código de barras | Cota | Circulation type (not for loan) | Tipo de documento | Nota do exemplar | Damaged status |
|---|---|---|---|---|---|---|---|---|
| Biblioteca Escolar da Coca Maravilhas | Biblioteca Escolar da Coca Maravilhas | BECM6287/03 | 8EST CON | Livro | Sem mensagem |
